000
00317nam a2200109Ia 4500
008
230302s9999 xx 000 0 und d
082
_a
I005.133KAF
100
_a
Kafura(Dennis)
245
_a
Object Orierted sOSoftware Design and Construction with JAVA
260
_a
N.Y
_b
UPPER SADDLEPRENTICE HALL
365
_c
RS
999
_c
152835
_d
152835